Managing global software projects (Record no. 9864)

MARC details
000 -LEADER
fixed length control field 00455nam a2200205Ia 4500
001 - CONTROL NUMBER
control field 092850
003 - CONTROL NUMBER IDENTIFIER
control field YMCAF
005 - DATE AND TIME OF LATEST TRANSACTION
control field 20230512161851.0
008 - FIXED-LENGTH DATA ELEMENTS--GENERAL INFORMATION
fixed length control field 100717s2007 ||||||||||||||||| ||und|d
024 ## - OTHER STANDARD IDENTIFIER
Standard number or code 92850
035 ## - SYSTEM CONTROL NUMBER
System control number 32308
040 ## - CATALOGING SOURCE
Original cataloging agency YMCAF
Language of cataloging eng
Transcribing agency IN-KoLT
041 ## - LANGUAGE CODE
Language code of text/sound track or separate title eng
082 ## - DEWEY DECIMAL CLASSIFICATION NUMBER
Classification number 005.1
Item number RAM
100 ## - MAIN ENTRY--PERSONAL NAME
Personal name Ramesh, Gopalaswamy
245 #0 - TITLE STATEMENT
Title Managing global software projects
260 ## - PUBLICATION, DISTRIBUTION, ETC.
Name of publisher, distributor, etc. TMH
Date of publication, distribution, etc. 2007
300 ## - PHYSICAL DESCRIPTION
Extent 366
942 ## - ADDED ENTRY ELEMENTS (KOHA)
Source of classification or shelving scheme Dewey Decimal Classification
Koha item type Books
Holdings
Withdrawn status Lost status Damaged status Not for loan Home library Current library Date acquired Cost, normal purchase price Total Checkouts Barcode Date last seen Cost, replacement price Price effective from Koha item type Public note G
        JC Bose University of Science & Technology JC Bose University of Science & Technology 17/07/2010 375.00   35840 12/05/2023 375.00 12/05/2023 Books C SI4199
        JC Bose University of Science & Technology JC Bose University of Science & Technology 17/07/2010 325.00   32308 12/05/2023 325.00 12/05/2023 Books C 1120
        JC Bose University of Science & Technology JC Bose University of Science & Technology 17/07/2010 325.00   32309 12/05/2023 325.00 12/05/2023 Books C 1120
        JC Bose University of Science & Technology JC Bose University of Science & Technology 17/07/2010 325.00   32310 12/05/2023 325.00 12/05/2023 Books C 1120
        JC Bose University of Science & Technology JC Bose University of Science & Technology 17/07/2010 325.00   32311 12/05/2023 325.00 12/05/2023 Books C 1120
        JC Bose University of Science & Technology JC Bose University of Science & Technology 17/07/2010 375.00   35836 12/05/2023 375.00 12/05/2023 Books C SI4199
        JC Bose University of Science & Technology JC Bose University of Science & Technology 17/07/2010 375.00   35837 12/05/2023 375.00 12/05/2023 Books C SI4199
        JC Bose University of Science & Technology JC Bose University of Science & Technology 17/07/2010 375.00   35838 12/05/2023 375.00 12/05/2023 Books C SI4199
        JC Bose University of Science & Technology JC Bose University of Science & Technology 17/07/2010 375.00   35839 12/05/2023 375.00 12/05/2023 Books C SI4199